| 000 | 00583 a2200193 4500 | ||
|---|---|---|---|
| 001 | 61627 | ||
| 005 | 20260407155906.0 | ||
| 008 | 260407a1974 arg spa d | ||
| 003 | AR-UNSa-BCEJYS | ||
| 040 |
_aAR-UNSa-BCEJYS _bspa _cAR-UNSa-BCEJYS |
||
| 080 |
_a347.440.6 _xContratos nominados, no nominados y mixtos (Contratos atípicos) |
||
| 245 | 1 | 0 | _aEl contrato de concesión privada |
| 264 | 1 |
_aBuenos Aires : _bAstrea _c1974 |
|
| 300 |
_axxiii, 355 p. _c23 cm. |
||
| 041 | _aspa | ||
| 942 | _cBK | ||
| 590 | _aniveau_biblio:m niveau_hierar:0 | ||
| 100 | 1 | _aGastaldi, José María | |
| 999 |
_c7345 _d7345 |
||